| 000 | 00444nam a2200169Ia 4500 | ||
|---|---|---|---|
| 005 | 20240919140631.0 | ||
| 008 | 240126s9999 xx 000 0 und d | ||
| 020 | _a9788173664670 | ||
| 082 | _a001.6424WIN HUN;1 R | ||
| 100 | _aHunt, Craig. | ||
| 245 | 0 | _aTCP/IP network administration : help for unix system administration | |
| 250 | _a3rd ed. | ||
| 260 |
_bO'Reilly _aBeijing |
||
| 300 | _axvii, 725 | ||
| 440 | _aNULL | ||
| 942 | _cPU | ||
| 999 |
_c293572 _d293572 |
||